Informe sobre la política de competencia 1998, XXVIII

Gespeichert in:
Bibliographische Detailangaben
Körperschaft: Comisión Europea (VerfasserIn)
Format: Buch
Sprache:Spanisch
Veröffentlicht: Luxemburgo Oficina de Publicaciones Oficiales de las Comunidades Europeas 1999
Schlagworte:
Tags: Tag hinzufügen
Keine Tags, Fügen Sie den ersten Tag hinzu!

MARC

LEADER 00000nam a2200000 a 4500
001 UCO6784
003 CL-VaPUC
008 001027e19990000LU |||||||||||||||||spa|d
082 0 4 |a 337.142  |b COM  |2 21 
110 2 |a Comisión Europea  |e author  |9 451567 
245 1 0 |a Informe sobre la política de competencia 1998, XXVIII 
300 |a 441 p 
942 |c BK 
945 |d 20001027 00:00:00  |a lriquelm 
260 |a Luxemburgo  |b Oficina de Publicaciones Oficiales de las Comunidades Europeas  |c 1999 
600 0 7 |a UNION EUROPEA  |2 CL-VaPUC  |9 320734 
650 0 |a Economía   |9 255568 
650 0 |a Política  |9 255312 
650 0 |a Empresas   |9 255569 
650 7 |a NORMAS  |2 CL-VaPUC  |9 259606 
650 0 |a Mercados  |9 338624 
650 7 |a SUBSIDIOS  |2 CL-VaPUC  |9 349046 
650 0 |a Monopolios  |9 255549 
650 0 |a Estado  |9 255503 
650 0 |a Información  |9 256927 
583 |a last modification  |c 20001027 00:00:00  |k Rodrigo Vera 
999 |c 292196  |d 292194 
952 |0 0  |1 0  |4 0  |6 337_142000000000000_COM_1999  |7 0  |8 A  |9 342865  |a BIBGIM  |b BIBGIM  |d 2019-11-20  |i 3591689  |o 337.142 COM 1999  |p 3591689  |r 2025-01-15  |w 2019-11-20  |y BK  |k GIM